Central Library OPAC University of Rajshahi
Normal view MARC view

Entry Personal Name

Number of records used in: 3

001 - CONTROL NUMBER

  • control field: 17268

003 - CONTROL NUMBER IDENTIFIER

  • control field: BD-RjUL

005 - DATE AND TIME OF LATEST TRANSACTION

  • control field: 20251102122502.0

008 - FIXED-LENGTH DATA ELEMENTS

  • fixed length control field: 251102|| aca||aabn | a|a d

040 ## - CATALOGING SOURCE

  • Original cataloging agency: BD-RjUL
  • Transcribing agency: BD-RjUL

100 ## - HEADING--PERSONAL NAME

  • Personal name: Kahn-Freund, Otto,
  • Dates associated with a name: 1900-1979

670 ## - SOURCE DATA FOUND

  • Source citation: Work cat.: (BD-RjUL)85908: Kahn-Freund, Otto, 1900-1979., The growth of internationalism in English private international law /, 1960.